Monad to man : (رقم التسجيلة. 21365)

تفاصيل مارك
000 -الفاتح
حقل البيانات ثابتة الطول 00917cam a2200253 a 4500
001 - رقم الضبط
رقم الضبط 2579142
003 - محدد رقم الضبط
رقم الضبط OSt
005 - وقت وتاريخ اخر تعامل مع التسجيلة
رقم الضبط 20150408114012.0
008 - عناصر البيانات ثابتة الطول - معلومات عامة
حقل البيانات ثابتة الطول 960430s1996 maua b 001 0 eng
010 ## - رقم ضبط مكتبة الكونجرس
رقم ضبط مكتبة الكونجرس 96018951
020 ## - الرقم الدولى المعيارى للكتب
الرقم الدولى المعيارى للكتاب 9780674032484
040 ## - مصدر الفهرسة
وكالة الفهرسة الأصلية DLC
وكالة النسخ DLC
وكالة التعديل DLC
050 00 - رقم طلب مكتبة الكونجرس
رقم التصنيف QH360.5
رقم المادة .R87 1996
082 00 - رقم تصنيف ديوى العشرى
رقم التصنيف 575
رقم الطبعة 20
100 1# - المدخل الرئيسى - إسم شخصى
الإسم الشخصى Ruse, Michael.
9 (RLIN) 9845
245 10 - بيان العنوان
العنوان Monad to man :
بقية العنوان the concept of progress in evolutionary biology /
بيان المسئوليه,etc Michael Ruse.
260 ## - PUBLICATION, DISTRIBUTION, ETC. (IMPRINT)
مكان الناشر او الموزع Cambridge, Mass. :
اسم الناشر او الموزع Harvard University Press,
تاريخ النشر أو التوزيع 1996.
300 ## - الوصف المادى
التعداد x, 628 p. :
تفاصيل ماديه اخرى للوعاء ill. ;
أبعاد الوعاء 25 cm.
504 ## - تبصرة ببليوجرافية
تبصرة ببليوجرافية,الخ Includes bibliographical references (p. 549-596) and index.
650 #0 - المدخل الاضافى بالموضوع-مصطلح موضوعى
مصطلح موضوعي أو اسم جغرافي كعنصر مدخل Evolution (Biology)
التقسيم الفرعي العام Philosophy.
9 (RLIN) 9846
650 #0 - المدخل الاضافى بالموضوع-مصطلح موضوعى
مصطلح موضوعي أو اسم جغرافي كعنصر مدخل Evolution (Biology)
التقسيم الفرعي العام History.
9 (RLIN) 9847
942 ## - عناصر المدخل الإضافي( كوها)
مصدر التصنيف او مخطط الترفيف Dewey Decimal Classification
Koha [default] item type كتاب
المقتنيات
حالة الفقد نموذج السعر الفعال حالة تلف ليس للاعارة رقم الطلب تاريخ الاكتساب الموقع الحالي الباركود الفرع الرئيسي Date last seen نوع المادة فى نظام كوها مصدر التصنيف او خطة الترفيف Total Checkouts
  2013-03-10     575 R M M 2012-04-10 مكتبة مجمع الطالبات بالمجمعة (EMF) 00076189 مكتبة مجمع الطالبات بالمجمعة (EMF) 2013-03-10 كتاب Dewey Decimal Classification  
  2013-03-10     575 R M M 2012-04-10 مكتبة مجمع الطالبات بالمجمعة (EMF) 00076188 مكتبة مجمع الطالبات بالمجمعة (EMF) 2013-03-10 كتاب Dewey Decimal Classification